000 00684nam a2200181Ia 4500
008 100920s9999 xx 000 0 und d
082 _b14444
_a491.462 थ 63
100 _aसूर्यवंशी कृ.गो.
245 _aआम्हीच आमुचे रक्षणकर्ते.
260 _bजगताप-कारले प्रकाशन, पुणे 2.
_c1963
300 _a80
_bसाधी
365 _b1.25
520 _aनाटक.
630 _aआम्हीच आमुचे रक्षणकर्ते.
650 _aनाटक.
730 _aआम्हीच आमुचे रक्षणकर्ते.
942 _cBOOK
999 _c678473
_d678470